| 000 | 00931nac a22002171u 4500 | ||
|---|---|---|---|
| 008 | 100920t xxu||||| |||| 00| 0 eng d | ||
| 020 | _a8180520137 (volume 2) | ||
| 020 | _a8180520153 (3 volume set) | ||
| 082 | _a020.3 | ||
| 100 |
_a20080729 _919557 |
||
| 245 |
_aAne's Encyclopedic Dictionary of Library and Information Science. Volume 2, G to N / _cAmjad Ali |
||
| 260 |
_aNew Delhi : _bAne Books India , _c2006 |
||
| 300 |
_a1v. (320 p.) ; _c28 cm. |
||
| 650 |
_aLibrary science _vEncyclopedias _919558 |
||
| 650 |
_aInformation science _vEncyclopedias _919559 |
||
| 650 |
_aLibrary science _vDictionaries _919560 |
||
| 650 |
_aInformation science _vDictionaries _919561 |
||
| 700 |
_aAli, Amjad _919562 |
||
| 942 |
_cREFERENCE _k020.3 _2ddc |
||
| 999 |
_c2647 _d2647 |
||